5 największych miast Europy które nie są stolicami - Statystyki

Ogólne statystyki
  • Ten quiz został rozwiązany 83 razy
    47 od ostatniego zresetowania
  • Średni wynik to 25 z 44
Statystyki odpowiedzi
Państwo Miasta % Poprawnych
Hiszpania Barcelona / Walencja / Sewilla / Saragossa / Malaga
96%
Polska Kraków / Wrocław / Łódź / Poznań / Gdańsk
96%
Francja Marsylia / Lyon / Tuluza / Nicea / Nantes
96%
Portugalia Porto / Vila Nova de Gaia / Amadora / Braga / Almada
96%
Holandia Rotterdam / Haga / Utrecht / Eindhoven / Groningen
96%
Czechy Brno / Ostrawa / Pilzno / Liberec / Ołomuniec
92%
Niemcy Hamburg / Monachium / Kolonia / Frankfurt / Stuttgart
92%
Grecja Saloniki / Patras / Larisa / Heraklion / Wolos
92%
Austria Graz / Linz / Salzburg / Innbruck / Klagenfurt am Wörthersee
88%
Chorwacja Split / Rijeka / Osijek / Zadar / Slavonski Brod
85%
Rosja Sankt Petersburg / Nowosybirsk / Jekaterynburg / Kazań / Niżny Nowogród
81%
Belgia Antwerpia / Gandawa / Charleroi / Liege / Schaarbeek
77%
Litwa Kowno / Kłajpeda / Szawle / Poniewież / Olita
77%
Norwegia Bergen / Stavanger / Trondhein / Fredrikstad / Drammen
69%
Białoruś Homel / Witebsk / Mohylew / Grodno / Brześć
65%
Serbia Nisz / Nowy Sad / Kragujevac / Cacak / Subotica
65%
Bułgaria Płowdiw / Warna / Burgas / Stara Zagora / Ruse
65%
Ukraina Charków / Odessa / Dniepr / Donieck / Zaporoże
62%
Irlandia Cork / Limerick / Dun Laoghaire /Waterford / Galway
62%
Szwecja Goteborg / Malmo / Uppsala / Vasteras / Orebro
62%
Słowacja Koszyce / Preszów / Żylina / Bańska Bystrzyca / Nitra
62%
Szwajcaria Zurych / Genewa / Bazylea / Lozanna / Winterthur
62%
Finlandia Espoo / Tampere / Vantaa / Oulu / Turku
58%
Rumunia Kluż-Napoka / Timisoara / Jassy / Konstanca / Krajowa
50%
Włochy Mediolan / Neapol / Turyn / Palermo / Genua
50%
Estonia Tartu / Narwa / Parnawa / Kohtla-Jarve / Vijiandi
50%
Bośnia i Hercegowina Banja Luka / Tuzla / Zenica / Mostar / Bijeljina
46%
Wielka Brytania Birmingham / Leeds / Glasgow / Sheffield / Manchester
46%
Węgry Debreczyn / Segedyn / Miszkolc / Pecz / Gyor
46%
Albania Durres / Szkodra / Wlora / Elbasan / Fier
46%
Mołdawia Bielce / Tyraspol / Bendery / Rybnica / Kaguł
42%
Łotwa Dyneburg / Lipawa / Jełgawa Jurmała / Windawa
42%
Słowenia Maribor / Kranj / Celje / Koper / Velenje
42%
Czarnogóra Niksic / Pijevlja / Cetynia / Bar / Budva
38%
Dania Aarhus / Odense Aalborg / Frederiksberg / Charlottenlund / Esbjerg
35%
Islandia Kópavogur / Hafnarfjorour / Akureyri / Keflavik / Garoabaer
35%
Monako Monte Carlo / La Condamine / Fontvieille / Moneghetti / Saint-Roman
27%
Macedonia Północna Bitola / Kumanowo / Prilep / Tetowo / Sztip
23%
Kosowo Prizren / Mitrowica / Gnjilane / Peć / Urosevac
19%
Liechtenstein Schaan / Triesen / Balzers / Eschen / Mauren
15%
San Marino Serravalle / Borgo Maggiore / Domagnano / Fiorentino / Acquaviva
15%
Andora Escaldes-Engordany / Sant Julia de Loria / Encamp / La Massana / Ordino
12%
Luksemburg Diekirch / Esch-sur-Alzette / Echternach / Ettelbruck / Grevenmacher
8%
Malta Birgu / Bormla / Mdina / Qormi / Rabat
4%
Nie znaleziono quizów pasujących do podanych kryteriów
Rozkład punktacji
Procent ludzi z każdym wynikiem
Percentyl według liczby udzielonych odpowiedzi
Twoja historia wyników
Nie rozwiązałeś tego quizu od ostatniego zresetowania